[Event "Leeuwarden op"]
[Site "Leeuwarden"]
[Date "1997.??.??"]
[Round "5"]
[White "Blees, Albert"]
[Black "Boersma, Paulus A"]
[Result "1-0"]
[WhiteElo "2450"]
[BlackElo "2350"]

1.e4 d6 2.d4 g6 3.Nc3 Bg7 4.Be3 Nd7 5.Qd2 a6 6.Nf3 b5 7.Bd3 c5 8.a4 b4 9.Ne2 cxd4
10.Nexd4 Ngf6 11.Bh6 Bxh6 12.Qxh6 Bb7 13.O-O Rc8 14.Rad1 Qa5 15.Ng5 Rf8 16.Nb3 Qe5
17.f4 Qxb2 18.h3 Nc5 19.Nxc5 Rxc5 20.Rde1 Qc3 21.Re3 Qd4 22.Re1 Rc3 23.Kh2 Nh5
24.Nf3 Qf6 25.g3 Qg7 26.Qxg7 Nxg7 27.Rb1 a5 28.Bb5+ Kd8 29.Rxc3 bxc3 30.Bd3 Kc8
31.Rb3 Ne6 32.Rxc3+ Nc5 33.Nd4 Kb8 34.e5 Rc8 35.exd6 exd6 36.Bb5 Ne4 37.Re3 Rc3
38.Re2 f5 39.Bd3 Ra3 40.Bb5 Ra1 41.Nb3 Rd1 42.Nxa5 Ba8 43.g4 Kc7 44.gxf5 gxf5
45.Nc4 Rh1+ 46.Kxh1 Ng3+ 47.Kh2 Nxe2 48.Nxd6 Nd4 49.Ne8+ Kb6 50.Bd3 Bc6 51.Ng7 Bxa4
52.c3 Bb5 53.Bxf5 Ne2 54.Bxh7 Nxf4 55.h4 Kc5 56.Bg8 Ne2 57.h5 Nxc3 58.h6 Bd3
59.Be6 Nd5 60.Kg3 Nf6 61.Kf4 Kd6 62.Bf5 Bxf5 63.Kxf5 Ke7 64.Kg6 Nd7 65.Nf5+ Ke6
66.Nd4+ Ke7 67.Nc6+ Ke6 68.Kg7 Nf6 69.Nd4+ Ke5 70.Kf7 Nh7 71.Kg6 Nf6 72.Nf3+ Ke6
73.Ng5+ Ke5 74.Ne4  1-0

[Event "VfB op 4th"]
[Site "Leipzig"]
[Date "1997.??.??"]
[Round "3"]
[White "Helbig, Jan"]
[Black "Spiess, Gunter"]
[Result "1-0"]
[WhiteElo "2145"]
[BlackElo "2410"]

1.d4 d6 2.e4 g6 3.Nc3 Bg7 4.f4 Nf6 5.Nf3 O-O 6.Bd3 c5 7.dxc5 dxc5 8.e5 Nd5
9.Nxd5 Qxd5 10.Qe2 Nc6 11.Be4 Qd7 12.Be3 b6 13.Rd1 Qc7 14.O-O Bb7 15.c3 Rad8
16.Ng5 Qc8 17.Qf2 f6 18.Nxh7 Rxd1 19.Rxd1 Kxh7 20.Qh4+ Bh6 21.f5 g5 22.Bxg5 fxg5
23.f6+ Kg8 24.Qxh6 Rf7 25.Qxg5+ Kf8 26.Qh6+ Kg8 27.Rd3  1-0

[Event "VfB op 4th"]
[Site "Leipzig"]
[Date "1997.??.??"]
[Round "4"]
[White "Schikor, Torsten"]
[Black "Bueder, Thomas"]
[Result "1/2-1/2"]
[WhiteElo "2130"]
[BlackElo "2225"]

1.e4 g6 2.d4 Bg7 3.Nc3 d6 4.Nf3 Nf6 5.Bf4 c6 6.Qd2 O-O 7.O-O-O b5 8.e5 b4
9.Nb1 Nd5 10.Bh6 Bg4 11.h3 Bxf3 12.gxf3 dxe5 13.Bxg7 Kxg7 14.dxe5 Nd7 15.Re1 Qc7
16.f4 f6 17.h4 fxe5 18.fxe5 Rf5 19.h5 Rxe5 20.Rxe5 Qxe5  1/2-1/2

[Event "Leon op"]
[Site "Leon"]
[Date "1997.??.??"]
[Round "8"]
[White "Romero Holmes, Alfonso"]
[Black "Strikovic, Aleksa"]
[Result "0-1"]
[WhiteElo "2465"]
[BlackElo "2560"]

1.d4 g6 2.e4 Bg7 3.Nc3 d6 4.Bc4 Nf6 5.e5 dxe5 6.dxe5 Qxd1+ 7.Nxd1 Ne4 8.f4 Na6
9.Ne3 c6 10.Nf3 Nc7 11.Bd3 Nc5 12.Be2 O-O 13.b3 N5e6 14.g3 Rd8 15.Bb2 c5
16.Kf2 b6 17.Rhd1 Bb7 18.f5 gxf5 19.Nxf5 Be4 20.Nxg7 Kxg7 21.c3 h6 22.Ke3 Bc2
23.Rd2 Rxd2 24.Kxd2 Bh7 25.Ke3 Nd5+ 26.Kf2 Nf8 27.Rd1 e6 28.Nh4 Be4 29.c4 Nb4
30.a3 Nc6 31.Rd6 Rc8 32.Bc3 Rc7 33.Ke3 Bc2 34.b4 cxb4 35.axb4 Nd7 36.Nf3 Kf8
37.Rd2 Bg6 38.h3 Ke8 39.Ra2 a5 40.b5 Ne7 41.Nd2 Nd5+ 42.Kd4 Nxc3 43.Kxc3 Nxe5
44.Nb3 Nd7 45.Bf3 Ke7 46.Bc6 Ne5 47.Nd4 f6 48.Ra4 Kd6 49.Bh1 Bd3 50.Nc6 Bf1
51.Ra1 Bxc4  0-1

[Event "Linares-B"]
[Site "Linares"]
[Date "1997.??.??"]
[Round "3"]
[White "Baches Garcia, Guillermo"]
[Black "Ortega Ruiz, Jose Migues"]
[Result "1-0"]
[WhiteElo "2235"]
[BlackElo "2120"]

1.e4 g6 2.d4 Bg7 3.Nc3 d6 4.Be3 c6 5.Qd2 Qa5 6.f3 b5 7.h4 Nf6 8.Bh6 Bxh6
9.Qxh6 b4 10.Nd1 b3+ 11.c3 Ba6 12.Bxa6 Nxa6 13.a3 c5 14.e5 Nd7 15.Qg7 O-O-O
16.exd6 exd6 17.Ne2 Rhe8 18.Kf2 cxd4 19.cxd4 Qd2 20.Nc3 f5 21.Qf7 Qe3+ 22.Kg3 Qe6
23.Qxe6 Rxe6 24.Nf4 Ree8 25.Rac1 Kb7 26.Nb5 Nb6 27.Rc3 Rd7 28.Rxb3 Nc7 29.Rc1 Nxb5
30.Rxb5 Rc7 31.Rxc7+ Kxc7 32.Rb3 d5 33.Rb5 Kc6 34.Rc5+ Kd6 35.a4 Nxa4 36.Rxd5+ Kc6
37.Ra5 Nxb2 38.Rxa7 Rg8 39.Rxh7 g5 40.hxg5 Rxg5+ 41.Kh4 Rg8 42.Rf7 Nc4 43.Rxf5 Ne3
44.Rf6+ Kd7 45.g4 Nf1 46.g5 Rh8+ 47.Nh5 Ke7 48.d5 Nd2 49.d6+ Kd7 50.g6 Nc4
51.g7  1-0

[Event "Linares-B"]
[Site "Linares"]
[Date "1997.??.??"]
[Round "5"]
[White "Baches Garcia, Guillermo"]
[Black "Moreno, Javier"]
[Result "1-0"]
[WhiteElo "2235"]
[BlackElo "2370"]

1.e4 g6 2.d4 Bg7 3.Nc3 d6 4.g3 Nf6 5.Bg2 O-O 6.Nge2 c6 7.a4 a5 8.O-O Na6
9.h3 Qc7 10.Be3 e5 11.g4 Re8 12.Ng3 Nb4 13.Nce2 exd4 14.Bxd4 Be6 15.g5 Nd7
16.Bxg7 Kxg7 17.f4 Kg8 18.b3 Nc5 19.f5 Bc8 20.Nf4 Qe7 21.h4 b6 22.c3 Nba6
23.Ra2 Qe5 24.h5 Ra7 25.Raf2 Qxc3 26.hxg6 fxg6 27.fxg6 hxg6 28.Nxg6 Qxg3
29.Rf8+ Rxf8 30.Rxf8+ Kg7 31.Qh5 Qe3+ 32.Kh2  1-0

[Event "Linares Mex"]
[Site "Linares"]
[Date "1997.??.??"]
[Round "9"]
[White "Juarez Flores, Carlos A"]
[Black "Juarez Flores, Gustavo E"]
[Result "1-0"]
[WhiteElo "2415"]
[BlackElo "2275"]

1.e4 d6 2.d4 g6 3.Nc3 Bg7 4.Nf3 Nf6 5.h3 c6 6.Bd3 Nbd7 7.O-O O-O 8.a4 e5
9.dxe5 Nxe5 10.Nxe5 dxe5 11.Bc4 Qe7 12.Be3 Be6 13.Qe2 Nh5 14.Bxe6 Qxe6 15.Rfd1 f5
16.exf5 Rxf5 17.Ne4 Nf4 18.Qd2 Bf8 19.b3 a6 20.Qd7 Rf7 21.Qxe6 Nxe6 22.Rd2 Rd8
23.Rxd8 Nxd8 24.Rd1 Ne6 25.g3 Bb4 26.Bb6 Kg7 27.Kf1 h6 28.Ke2 Bf8 29.c3 Nc7
30.c4 Ne6 31.h4 Ba3 32.Nd6 Bxd6 33.Rxd6 Kf6 34.Bd8+ Kf5 35.g4+  1-0

[Event "Linz op"]
[Site "Linz"]
[Date "1997.??.??"]
[Round "2"]
[White "Boeven, Manfred"]
[Black "Rolletschek, Heinrich"]
[Result "1/2-1/2"]
[WhiteElo "2150"]
[BlackElo "2345"]

1.d4 g6 2.e4 Bg7 3.Nc3 d6 4.f4 e5 5.Nf3 exd4 6.Nxd4 Ne7 7.Be3 O-O 8.Bc4 Nd7
9.O-O Nb6 10.Bd3 d5 11.f5 dxe4 12.f6 Bxf6 13.Rxf6 exd3 14.Qxd3 c5 15.Nb3 Qxd3
16.cxd3 Ned5 17.Rf3 Bg4 18.Rg3 Nxe3 19.Rxe3 c4 20.dxc4 Nxc4 21.Re4 Be6 22.Nc5 Nxb2
23.Rb4 Rfc8 24.N3e4 Nc4 25.Nxe6 fxe6 26.Rxb7 Rf8 27.Rc1 Ne3 28.Ng5 h6 29.Nxe6 Rf7
30.Rxf7 Kxf7 31.Nf4 g5 32.Rc7+ Kf6 33.Nh5+ Kg6 34.Ng3 Rb8 35.Kf2 Ng4+ 36.Kf3 Nxh2+
37.Ke4 Rb4+ 38.Kd5 Rb5+ 39.Kc4 Ra5 40.Rc6+ Kh7 41.Kb3 Ng4 42.a4 Re5 43.Nh5 a5
44.Kc4 Rf5 45.Ng3 Rf2 46.Kb5 Rxg2 47.Ne4 Re2 48.Re6 Kg7 49.Kxa5 Re3 50.Re8 Nf2
51.Nd6 Rxe8 52.Nxe8+ Kf7 53.Nd6+ Ke6 54.Nc4 h5 55.Kb6 h4 56.Ne3 h3 57.Nf1 Nd3
58.a5 Nb4 59.Kc5 Na6+ 60.Kb6 Nb8 61.Kc7 Na6+ 62.Kb6  1/2-1/2

[Event "Linz"]
[Site "Linz"]
[Date "1997.??.??"]
[Round "6"]
[White "Lanka, Zigurds"]
[Black "Beim, Valery"]
[Result "0-1"]
[WhiteElo "2575"]
[BlackElo "2555"]

1.e4 g6 2.d4 Bg7 3.Nc3 d6 4.f4 a6 5.Nf3 b5 6.Bd3 Bb7 7.e5 Nd7 8.O-O e6 9.a4 bxa4
10.Ng5 Nh6 11.Nce4 O-O 12.c3 Bc6 13.Qf3 Bb5 14.c4 Bc6 15.Qh3 Re8 16.Nc3 Nf8
17.d5 Bd7 18.f5 Nxf5 19.g4 Bxe5 20.gxf5 exf5 21.Nf3 Bg7 22.Bc2 Rb8 23.Bxa4 Rb4
24.Bxd7 Nxd7 25.Rxa6 Rxc4 26.Rc6 Rg4+ 27.Kh1 Nb8 28.Ng5 h5 29.Nb5 Nxc6 30.dxc6 Rxg5
31.Bxg5 Qxg5 32.Nxc7 Rc8 33.Qb3 Qd8 34.Nd5 Rxc6 35.Qb7 Rc2  0-1

[Event "Linz"]
[Site "Linz"]
[Date "1997.??.??"]
[Round "8"]
[White "Almasi, Zoltan"]
[Black "Beim, Valery"]
[Result "1/2-1/2"]
[WhiteElo "2595"]
[BlackElo "2555"]

1.e4 g6 2.d4 Bg7 3.Nc3 d6 4.f4 Nf6 5.Nf3 O-O 6.Bd3 Na6 7.O-O c5 8.d5 Bg4
9.h3 Bxf3 10.Rxf3 Nd7 11.Kh1 Rc8 12.Qe2 Qa5 13.Bd2 Nb4 14.Nd1 Qc7 15.c4 e6
16.Bb1 exd5 17.exd5 Rce8 18.Qf1 Qd8 19.a3  1/2-1/2

[Event "Linz op"]
[Site "Linz"]
[Date "1997.??.??"]
[Round "8"]
[White "Kranewitter, Norbert"]
[Black "Porubszki, Georg"]
[Result "1/2-1/2"]
[WhiteElo "2265"]
[BlackElo "2045"]

1.e4 d6 2.d4 g6 3.Nc3 Bg7 4.Nf3 Nd7 5.Be2 c6 6.a4 a5 7.O-O Qc7 8.Be3 Ngf6
9.h3 O-O 10.Qd2 Re8 11.Bc4 e6 12.Bf4 e5 13.dxe5 Nxe5 14.Be2 Be6 15.Ng5 Rad8
16.Nxe6 Rxe6 17.Rfd1 Qb6 18.Be3 Qb4 19.Qd4 Nd5 20.Nxd5 Qxd4 21.Bxd4 cxd5
22.exd5 Re7 23.Bb5 Nd7 24.c3 Bxd4 25.Rxd4 Nc5 26.Rad1 Nb3 27.R4d3 Re2 28.Rb1 Rc2
29.Re3 Rd2 30.Bc4 Nc5 31.Kf1 Nxa4 32.b3 Nb6 33.Re7 Nxd5 34.Rxb7 Nxc3 35.Bxf7+ Kh8
36.Rc1 Rd1+ 37.Rxd1 Nxd1 38.Ke2 Nc3+ 39.Kd3 Na2 40.Bd5 Nb4+ 41.Kd4 Rf8 42.Rf7 Nc6+
43.Kc3 Rc8 44.Bxc6 Rxc6+ 45.Kd3 Rb6 46.Kc4 d5+ 47.Kc3 d4+ 48.Kc4 Rb4+ 49.Kd3 Rxb3+
50.Kxd4 a4 51.Ra7 a3 52.f4 Rg3 53.Ke5 h5 54.Kf6 h4  1/2-1/2

[Event "Masters"]
[Site "Lisbon"]
[Date "1997.??.??"]
[Round "6"]
[White "Quadrio, Alexandre"]
[Black "Leonardo, Joao"]
[Result "0-1"]
[WhiteElo "2230"]
[BlackElo "2290"]

1.e4 g6 2.d4 Bg7 3.Nc3 d6 4.f4 c6 5.Nf3 Bg4 6.Bc4 e6 7.Be3 Nf6 8.Bb3 O-O
9.h3 Bxf3 10.Qxf3 d5 11.g4 dxe4 12.Nxe4 Nxe4 13.Qxe4 Nd7 14.h4 Nf6 15.Qf3 h5
16.gxh5 Nxh5 17.O-O-O Qf6 18.c3 a5 19.Rdg1 a4 20.Bc2 Ra5 21.Rg5 Rfa8 22.Rhg1 Kf8
23.Kb1 Rd5 24.Be4 Rda5 25.Bc2 Rxg5 26.hxg5 Qd8 27.Re1 a3 28.Bb3 axb2 29.Kxb2 Qd6
30.Bc1 b5 31.Be3 Kg8 32.Rh1 b4 33.f5 bxc3+ 34.Kxc3 exf5 35.Rxh5 gxh5 36.Qxf5 Kh8
37.Qxf7 Qh2 38.Qe6  0-1

[Event "Lilie op"]
[Site "Litomysl"]
[Date "1997.??.??"]
[Round "2"]
[White "Wanzek, Daniel"]
[Black "Sikula, Vaszilij"]
[Result "0-1"]
[WhiteElo "2110"]
[BlackElo "2250"]

1.e4 g6 2.d4 Bg7 3.Nc3 d6 4.f4 c6 5.Be3 Qb6 6.Qd2 Nf6 7.h3 Qxb2 8.Rb1 Qa3
9.Bd3 O-O 10.Nf3 Qa5 11.O-O Nbd7 12.e5 Ne8 13.Ng5 e6 14.f5 exf5 15.e6 fxe6
16.Nxe6 Rf6 17.Nxg7 Nxg7 18.Ne4 Qxa2 19.Nxf6+ Nxf6 20.Rb3 a5 21.Qc3 a4 22.Bc4+ d5
23.Ra1 axb3 24.Rxa2 bxa2 25.Bxa2 Rxa2 26.Qb3 Ra1+ 27.Kf2 Ne4+ 28.Ke2 Nh5
29.Bf2 Nf4+ 30.Kf3 Nd2+  0-1

[Event "Lilie op"]
[Site "Litomysl"]
[Date "1997.??.??"]
[Round "2"]
[White "Rigo, Zsolt"]
[Black "Ianov, Viktor"]
[Result "0-1"]
[WhiteElo "2115"]
[BlackElo "2300"]

1.e4 d6 2.d4 g6 3.Nc3 Bg7 4.Nf3 a6 5.a4 b6 6.Bc4 e6 7.Bg5 Ne7 8.Qd2 h6 9.Be3 Nd7
10.Rd1 Bb7 11.O-O Nf6 12.d5 e5 13.h3 Nd7 14.Nh2 f5 15.f4 exf4 16.Bxf4 g5
17.Be3 Ne5 18.Be2 O-O 19.exf5 Nxf5 20.Bf2 Qd7 21.Nf3 Ng6 22.Nd4 Nf4 23.Nxf5 Rxf5
24.Bf3 Nxh3+ 25.Kh1 Nxf2+ 26.Rxf2 g4  0-1

[Event "Lilie op"]
[Site "Litomysl"]
[Date "1997.??.??"]
[Round "7"]
[White "Dovzik, Juri"]
[Black "Stocek, Jiri"]
[Result "1/2-1/2"]
[WhiteElo "2405"]
[BlackElo "2470"]

1.e4 g6 2.d4 Bg7 3.Nc3 d6 4.Be3 a6 5.Qd2 b5 6.a4 b4 7.Nd1 a5 8.c3 Nf6 9.f3 O-O
10.Bd3 c5 11.Ne2 Nc6 12.O-O cxd4 13.cxd4 Bd7 14.b3 Rc8 15.Nb2 d5 16.e5 Ne8
17.f4 f6 18.Rac1 Qb6 19.Bb1 Bg4 20.Ng3 fxe5 21.fxe5 Nc7 22.Rxf8+ Rxf8 23.h3 Bd7
24.Nd3 Ne6 25.Nc5 Nxc5 26.Rxc5 e6 27.Ne2 Rf7 28.Rc1 Bf8 29.Rf1 Rxf1+ 30.Kxf1 Bc8
31.Bd3 Ba6 32.Kf2 Ne7 33.Bxa6 Qxa6 34.Qc2 Nf5 35.g4 Nxe3 36.Kxe3 Qb7 37.g5 Kf7
38.h4 Ke8 39.Nf4 Kd7 40.h5 Be7 41.hxg6 hxg6 42.Kf3 Qa6 43.Kg4 Qf1 44.Qxg6 Qg1+
45.Kh5 Qf2 46.Kg4 Qg1+ 47.Kh4 Qf2+ 48.Kg4 Qg1+ 49.Kh4  1/2-1/2

[Event "SLO-ch (Women)"]
[Site "Ljubljana"]
[Date "1997.??.??"]
[Round "1"]
[White "Grosar, Kiti"]
[Black "Petek, Francka"]
[Result "1-0"]
[WhiteElo "2225"]
[BlackElo "2040"]

1.e4 d6 2.d4 g6 3.Nc3 Bg7 4.Be3 Nf6 5.f3 O-O 6.Qd2 e5 7.d5 Nbd7 8.Nge2 Nb6
9.b3 Bd7 10.O-O-O a5 11.a4 Nc8 12.g4 c6 13.Bh6 cxd5 14.Bxg7 Kxg7 15.exd5 Ne7
16.Ng3 Rc8 17.Bc4 Qb6 18.h4 Qb4 19.h5 Rxc4 20.bxc4 Qa3+ 21.Kb1 Qb4+ 22.Ka1 Qa3+
23.Na2 Qxf3 24.hxg6 fxg6 25.Qh6+ Kg8 26.g5 Nh5 27.Nxh5 gxh5 28.Qxd6 Qg4 29.Qxe7 Qe4
30.Rhf1 Rf4 31.Rxf4 Qxf4 32.Qxd7 Qxc4 33.Qe8+ Kg7 34.Qxe5+ Kf7 35.Qf6+  1-0

[Event "Coulsdon"]
[Site "London"]
[Date "1997.??.??"]
[Round "3"]
[White "Shaw, John"]
[Black "McNab, Colin Anderson"]
[Result "1/2-1/2"]
[WhiteElo "2345"]
[BlackElo "2455"]

1.e4 g6 2.d4 d6 3.Nc3 Bg7 4.g3 Nf6 5.Bg2 O-O 6.Nge2 e5 7.h3 Nc6 8.Be3 Bd7
9.O-O exd4 10.Nxd4 Re8 11.Re1 Qc8 12.Kh2 Re5 13.g4 Bxg4 14.hxg4 Nxg4+ 15.Kg1 Nxe3
16.Rxe3 Nxd4 17.Qxd4 Rb5 18.Qd2 Rxb2 19.Qc1  1/2-1/2

[Event "Coulsdon"]
[Site "London"]
[Date "1997.??.??"]
[Round "7"]
[White "Wall, Tim"]
[Black "McNab, Colin Anderson"]
[Result "0-1"]
[WhiteElo "2305"]
[BlackElo "2455"]

1.e4 g6 2.d4 d6 3.Nc3 Bg7 4.Bg5 Nc6 5.Nge2 Nf6 6.Qd2 h6 7.Bh4 O-O 8.f3 e5
9.d5 Nd4 10.Bf2 c5 11.dxc6 bxc6 12.Nxd4 exd4 13.Bxd4 Rb8 14.Rb1 d5 15.Bxa7 Ra8
16.Bf2 dxe4 17.Qxd8 Rxd8 18.fxe4 Ng4 19.Bb6 Rd7 20.Rd1 Rb7 21.Rd8+ Kh7 22.Bd4 Bxd4
23.Rxd4 Rxb2 24.Kd2 Be6 25.Be2 Ne5 26.Kc1 Rbb8 27.a4 Kg7 28.Re1 Kf6 29.Bf1 Ra5
30.h3 h5 31.Re3 h4 32.Rd2 Rb4 33.Rd8 Kg5 34.Kd2 c5 35.Kc1 Bd7 36.Nd5 Rbxa4
37.Be2 Ra1+ 38.Kd2 Rg1 39.g3 Kh6 40.Rh8+ Kg7 41.Rxh4 Rg2 42.Rb3 Bb5 43.Nf4 Nc4+
44.Kc3 Rxg3+ 45.Bd3 Ne5 46.Rh5 Bxd3 47.Rxe5 Bxc2+ 48.Kxc2 Rxb3 49.Kxb3 c4+
50.Kxc4 Rxe5 51.Kd4 Ra5 52.Nd5 Ra1 53.Ke5 Rh1 54.Nf4 Rh2  0-1

[Event "WchT 4th"]
[Site "Luzern"]
[Date "1997.??.??"]
[Round "4"]
[White "Gallagher, Joseph G"]
[Black "Irzhanov, Ruslan"]
[Result "1-0"]
[WhiteElo "2525"]
[BlackElo "2535"]

1.e4 g6 2.d4 Bg7 3.Nc3 d6 4.Be3 c6 5.Qd2 b5 6.Bd3 Nd7 7.Nf3 a6 8.a4 Rb8 9.axb5 axb5
10.O-O b4 11.Ne2 Ngf6 12.Bh6 O-O 13.Ng3 e5 14.Bxg7 Kxg7 15.Qg5 Qc7 16.Nf5+ Kg8
17.Rfe1 Ne8 18.Qh6 Nb6 19.Ne3 f6 20.Nc4 Be6 21.Nxb6 Qxb6 22.Ra6 Qc7 23.Rea1 Ng7
24.dxe5 dxe5 25.Ra7 Rb7 26.Qe3 b3 27.cxb3 Bxb3 28.Rxb7 Qxb7 29.Qc5 Bf7 30.Bc4 Ra8
31.Rd1 Ne6 32.Bxe6 Bxe6 33.h3 Bf7 34.Rd2 Kg7 35.Kh2 Rb8 36.Qd6 Qb5 37.Qe7 Rb7
38.Qd8 c5 39.Rd6  1-0

[Event "WchT 4th"]
[Site "Luzern"]
[Date "1997.??.??"]
[Round "8"]
[White "Palac, Mladen"]
[Black "Egorov, Evgeni"]
[Result "1-0"]
[WhiteElo "2575"]
[BlackElo "2440"]

1.e4 g6 2.d4 Bg7 3.Nc3 d6 4.Be3 a6 5.Qd2 Nd7 6.a4 Ngf6 7.Nf3 O-O 8.Bc4 e5
9.dxe5 Nxe5 10.Nxe5 dxe5 11.Qxd8 Rxd8 12.a5 Bd7 13.Ke2 Bc6 14.f3 h6 15.b4 Bf8
16.Rhb1 Kg7 17.b5 axb5 18.Nxb5 Ne8 19.Bd3 Bd7 20.Nc3 Bc8 21.Nd5 f5 22.h3 f4
23.Bf2 Bd6 24.c4 g5 25.c5 Bf8 26.g4 c6 27.Nb6 Ra7 28.Bc4 Nc7 29.Nxc8 Rxc8
30.Rd1 Kf6 31.Rd7 Be7 32.h4 Ne6 33.hxg5+ hxg5 34.a6 Rd8 35.Rxb7 Rxb7 36.axb7 Rb8
37.Rh1 Nd4+ 38.Bxd4 exd4 39.Rh6+ Kg7 40.Rxc6 Rxb7 41.Bd5 Rb8 42.Rc7 Kf6 43.Kd3 Rb1
44.Ba2 Ra1 45.e5+ Kg6 46.Be6 Ra3+ 47.Kxd4  1-0

[Event "Rheinhessen-ch H1 op"]
[Site "Mainz"]
[Date "1997.??.??"]
[Round "5"]
[White "Richtscheid, Jens"]
[Black "Noll, Paul"]
[Result "0-1"]
[WhiteElo "1730"]
[BlackElo "1870"]

1.e4 g6 2.d4 Bg7 3.Nc3 d6 4.f4 c5 5.dxc5 Qa5 6.Bd2 Qxc5 7.Bd3 Nf6 8.Nf3 Nc6
9.Qe2 O-O 10.Be3 Qa5 11.O-O a6 12.a4 Ng4 13.Bd2 Nd4 14.Qe1 Qh5 15.h3 Nxf3+
16.Rxf3 Bd4+ 17.Kh1 e5 18.Nd1 exf4 19.Bxf4 Ne5 20.Bxe5 Bxe5 21.c3 Bg4 22.Re3 Bf4
23.Nf2 Bxe3 24.Qxe3 Bd7 25.Qd4 Qc5 26.Qxc5 dxc5 27.Bc2 b5 28.Kg1 Be6 29.Kf1 Bc4+
30.Ke1 Rfe8 31.b3 Be6 32.Rd1 Rad8 33.Rxd8 Rxd8 34.axb5 axb5 35.Ke2 Ra8  0-1

[Event "Manchester op"]
[Site "Manchester"]
[Date "1997.??.??"]
[Round "5"]
[White "Smith, Alan A"]
[Black "Roktim, Bandyopadhyay"]
[Result "0-1"]
[WhiteElo "2235"]
[BlackElo "2275"]

1.e4 g6 2.d4 Bg7 3.Nc3 d6 4.Nge2 c6 5.g3 Nf6 6.Bg2 O-O 7.O-O Nbd7 8.a4 a5
9.h3 e5 10.Be3 Qc7 11.Qd2 Re8 12.Rad1 Nf8 13.f4 exf4 14.Nxf4 Ne6 15.Nfe2 Bd7
16.Rf2 Rf8 17.Rdf1 Ne8 18.d5 Nc5 19.Bg5 Be5 20.Be7 Ng7 21.Bxf8 Rxf8 22.Qh6 Qb6
23.b3 Na6 24.Qh4 Nb4 25.Qe7 Be8 26.Nb1 f6 27.Kh2 Rf7 28.Rxf6 Bxf6 29.Qxd6 Be7
30.Qe5 Rxf1 31.Bxf1 Qf2+ 32.Bg2 Bf6 33.Qb8 Qxe2 34.d6 Qd1  0-1

[Event "Manchester op"]
[Site "Manchester"]
[Date "1997.??.??"]
[Round "6"]
[White "Bosch, Jeroen"]
[Black "Roktim, Bandyopadhyay"]
[Result "1/2-1/2"]
[WhiteElo "2405"]
[BlackElo "2275"]

1.e4 g6 2.d4 Bg7 3.Nc3 d6 4.Nf3 Nf6 5.h3 O-O 6.Be3 c6 7.a4 Nbd7 8.a5 Qc7
9.Qb1 Rb8 10.Bd3 b5 11.axb6 axb6 12.O-O e5 13.dxe5 dxe5 14.b4 b5 15.Ra7 Rb7
16.Rxb7 Bxb7 17.Qb3 Ne8 18.Nb1 Nd6 19.Na3 Nb6 20.Nd2 Bc8 21.c4 Be6 22.Qc2 Nbxc4
23.Naxc4 Nxc4 24.Nxc4 bxc4 25.Bxc4 Bxc4 26.Qxc4 Rb8 27.Rc1 Qb7 28.Qxc6 Qxb4
29.Qd5 Qe7  1/2-1/2

[Event "Mar del Plata op"]
[Site "Mar del Plata"]
[Date "1997.??.??"]
[Round "7"]
[White "Braga, Fernando"]
[Black "Peralta, Fernando"]
[Result "1-0"]
[WhiteElo "2455"]
[BlackElo "2310"]

1.e4 g6 2.d4 Bg7 3.Nc3 d6 4.Nf3 a6 5.a4 b6 6.Bc4 e6 7.O-O Bb7 8.Bg5 Ne7 9.Qd2 h6
10.Be3 Nd7 11.Rfe1 Kf8 12.h4 Kg8 13.Bf4 Nf6 14.Rad1 Nxe4 15.Nxe4 d5 16.Bd3 dxe4
17.Bxe4 Bxe4 18.Rxe4 Nd5 19.Bg3 Nf6 20.Re2 Kh7 21.c4 Nh5 22.Bh2 Re8 23.b3 Bf6
24.g4 Ng7 25.Qf4 Rc8 26.Bg3 c6 27.Kg2 Be7 28.Ne5 f5 29.Nf7 g5 30.hxg5 Bxg5
31.Qe5 Qf6 32.Nd6  1-0

[Event "CRO-chT2"]
[Site "Medulin"]
[Date "1997.??.??"]
[Round "?"]
[White "Hrvacic, Pavle"]
[Black "Mrkonjic, Nenad"]
[Result "0-1"]
[WhiteElo "2190"]
[BlackElo "2270"]

1.e4 g6 2.d4 Bg7 3.Nc3 d6 4.f4 c6 5.Be3 d5 6.e5 h5 7.Nf3 Bg4 8.h3 Bxf3 9.Qxf3 e6
10.Bd3 h4 11.Ne2 Nd7 12.a4 Nh6 13.b3 Bf8 14.O-O Nf5 15.Bf2 Qa5 16.c4 Bb4
17.Rfc1 Nb6 18.Rc2 Rd8 19.c5 Nc8 20.Rd1 Nce7 21.Nc1 b6 22.Bxf5 gxf5 23.cxb6 Qxb6
24.Nd3 Kd7 25.Nxb4 Qxb4 26.Be1 Qb6 27.b4 Qa6 28.Qb3 Rb8 29.Rdc1 Qb6 30.Qd3 a6
31.Rc5 Rb7 32.Qc3 Ra7 33.Qd3 Rb7 34.Qa3 Ra8 35.a5 Qa7 36.Bxh4 Ng6 37.Bg5 Rab8
38.Rb1 Rb5 39.Qc3 Rxc5 40.Qxc5 Qxc5 41.dxc5 Ke8 42.Kf2 Nf8 43.Ke3 Nd7 44.Kd4 Rb5
45.Bh4 Nxc5 46.Be1 Kd7 47.Rb2 Nb7 48.Rc2 c5+ 49.bxc5 Kc6 50.Ra2 Rxc5 51.g3 Rc4+
52.Ke3 Re4+ 53.Kd2 Rb4 54.Ke2 Rb5 55.h4 Kd7 56.Ra3 Ke7 57.Bc3 Kf8 58.Ra4 Nd8
59.Bd4 Nc6 60.Bb6 Kg7 61.Ra3 Kg6 62.Kd2 Kh5 63.Kc2 Kg4 64.Kc1 d4 65.Bc7 Rc5+
66.Kd1 Rd5 67.Kd2 Rb5 68.Kc1 Nb4 69.Bb6 d3 70.Bf2 Kf3 71.Be1 Ke2 72.Bxb4 Rxb4
73.Ra2+ Ke1 74.Rh2 Rc4+  0-1

[Event "CRO-chT (Women)"]
[Site "Medulin"]
[Date "1997.??.??"]
[Round "?"]
[White "Roschina, Tatiana"]
[Black "Lakos, Nikoletta"]
[Result "0-1"]
[WhiteElo "2245"]
[BlackElo "2380"]

1.e4 g6 2.d4 Bg7 3.Nc3 d6 4.Be3 a6 5.Qd2 b5 6.a4 b4 7.Nd1 a5 8.c3 bxc3 9.bxc3 Nf6
10.f3 O-O 11.Bd3 Nbd7 12.Ne2 c6 13.O-O e5 14.Nf2 d5 15.f4 dxe4 16.Nxe4 exd4
17.Bxd4 c5 18.Bf2 Qc7 19.Nxf6+ Nxf6 20.Qe3 c4 21.Bc2 Re8 22.Qd2 Bb7 23.Nd4 Qd7
24.Rab1 Ne4 25.Bxe4 Bxe4 26.Rb5 Bc6 27.Rc5 Bxa4 28.Qa2 Bb3 29.Nxb3 cxb3 30.Qxb3 a4
31.Qa2 Qe6 32.Ra1 Qxa2 33.Rxa2 Reb8 34.Bd4 a3 35.Bxg7 Rb2 36.Rxb2 axb2 37.Rb5 Ra1+
38.Kf2 b1=Q 39.Rxb1 Rxb1 40.Bd4 Rb2+ 41.Kf3 f5 42.Be5 Kf7 43.h3 h5 44.h4 Ke6
45.g3 Rc2 46.Bd4 Kd5 47.Bf6 Kc4 48.Bg7 Rd2 49.Ke3 Rd3+ 50.Kf2 Kd5 51.Kg2 Ke4
52.Bd4 Rd2+  0-1

[Event "Mehlingen op"]
[Site "Mehlingen"]
[Date "1997.??.??"]
[Round "6"]
[White "Lang, Torsten"]
[Black "Habibi, Ali"]
[Result "1-0"]
[WhiteElo "2165"]
[BlackElo "2345"]

1.d4 d6 2.e4 g6 3.Nc3 Bg7 4.Bg5 Nc6 5.d5 Nb8 6.a4 c5 7.a5 Nf6 8.Nf3 Nfd7
9.Nd2 h6 10.Be3 Nf6 11.Be2 h5 12.h3 e5 13.Nc4 O-O 14.g4 hxg4 15.hxg4 Na6
16.Bg5 Qd7 17.Qd3 Nh7 18.Bd2 Rd8 19.Qh3 Nf8 20.Bh6 f6 21.Nb5 Nb4 22.Kd2 Qe7
23.c3 Na6 24.Rh2 Bxh6+ 25.Qxh6 Qg7 26.Rah1 Qxh6+ 27.Rxh6 Kg7 28.Nbxd6 Nc7
29.g5 fxg5 30.Ke3 Ne8 31.Nxe8+ Rxe8 32.Rh8 Re7 33.d6 Re8 34.R1h7+ Kf6 35.Rxf8+ Rxf8
36.d7 Bxd7 37.Rxd7 Rfd8 38.Rxb7 Rdb8 39.a6 Rd8 40.Bg4 Rh8 41.Ke2  1-0

[Event "Metz op"]
[Site "Metz"]
[Date "1997.??.??"]
[Round "1"]
[White "Geisler, Rapahel"]
[Black "Seret, Jean Luc"]
[Result "0-1"]
[WhiteElo "1730"]
[BlackElo "2375"]

1.e4 g6 2.d4 Bg7 3.Nc3 d6 4.Nf3 Nf6 5.Be2 O-O 6.O-O c6 7.h3 Nbd7 8.Bg5 e5
9.d5 h6 10.Bh4 cxd5 11.Nxd5 g5 12.Nxg5 Nxd5 13.Ne6 Qxh4 14.Nxf8 Bxf8 15.exd5 Qd4
16.Qxd4 exd4 17.Rfd1 Bg7 18.Rab1 Nb6 19.c3 dxc3 20.bxc3 Na4 21.Rb4 Nxc3 22.Rd2 b6
23.Bh5 Ba6 24.Rf4 Rf8 25.Bg4 Re8 26.g3 Bb7 27.Bh5 Re7 28.Bf3 b5 29.Rb4 a5
30.Rh4 Re1+ 31.Kh2 Ra1 32.Rh5 Rxa2 33.Rxa2 Nxa2 34.Rf5 Nc3 35.h4 a4 36.Kg2 a3
37.Bh5 Bxd5+ 38.f3 Be6 39.Rf4 a2  0-1

[Event "Metz op"]
[Site "Metz"]
[Date "1997.??.??"]
[Round "2"]
[White "Vlahovic, Dimitri"]
[Black "Shpilker, Boris"]
[Result "0-1"]
[WhiteElo "1950"]
[BlackElo "2370"]

1.e4 d6 2.Nc3 g6 3.d4 Bg7 4.f4 Nf6 5.Nf3 O-O 6.a3 Nc6 7.Rb1 Bg4 8.Be2 Bxf3
9.Bxf3 e5 10.d5 Nd4 11.O-O Nd7 12.Ne2 Nxf3+ 13.Rxf3 exf4 14.Bxf4 Qe7 15.Ng3 Ne5
16.Bxe5 Bxe5 17.Qd3 Rfe8 18.Nf1 Qh4 19.c3 a6 20.Rh3 Qg5 21.Rf3 Bg7 22.Qd2 Qxd2
23.Nxd2 Bh6 24.Rd3 Bxd2 25.Rxd2 Rxe4 26.Kf2 Kf8 27.g3 Re5 28.Rbd1 Kg7 29.Kf3  0-1

[Event "Metz op"]
[Site "Metz"]
[Date "1997.??.??"]
[Round "4"]
[White "Girard, Jean Pierre"]
[Black "Shpilker, Boris"]
[Result "0-1"]
[WhiteElo "2060"]
[BlackElo "2370"]

1.e4 d6 2.d4 g6 3.Nc3 Bg7 4.Nf3 Nf6 5.Be2 O-O 6.O-O Nbd7 7.h3 e5 8.dxe5 dxe5
9.Be3 Qe7 10.Qd2 c6 11.Ne1 Nc5 12.f3 Nh5 13.Bc4 b5 14.Qf2 Nd7 15.Bb3 a5 16.a3 Nf4
17.Nd3 Qg5 18.Kh1 Nf6 19.Bc5 Re8 20.Nxf4 exf4 21.Rad1 Nh5 22.Rfe1 Be5 23.Bd6 Nf6
24.Qc5 Bd7 25.Be7 Bxh3 26.gxh3 Qg3 27.Bxf6 Qxf3+ 28.Kg1 Qg3+ 29.Kf1 Qxh3+
30.Kg1 Bxf6 31.Qf2 Re5 32.Qxf4 g5 33.Qxg5+ Bxg5  0-1

[Event "Metz op"]
[Site "Metz"]
[Date "1997.??.??"]
[Round "8"]
[White "Sakhatova, Elvira"]
[Black "Shpilker, Boris"]
[Result "0-1"]
[WhiteElo "2355"]
[BlackElo "2370"]

1.e4 d6 2.d4 g6 3.Nc3 Bg7 4.Be3 c6 5.Qd2 Nd7 6.f3 b5 7.Nge2 Nb6 8.b3 Rb8
9.Nd1 Nd7 10.Nf2 Qc7 11.g4 c5 12.Rd1 cxd4 13.Bxd4 Ne5 14.Bg2 Nf6 15.Nf4 e6
16.g5 Nfd7 17.Ne2 f6 18.Be3 Nf7 19.gxf6 Nxf6 20.O-O O-O 21.Nd3 Bd7 22.Rc1 d5
23.Nb4 Rbe8 24.Na6 Qc8 25.Qa5 Ne5 26.Nb4 dxe4 27.fxe4 Nfg4 28.Bxa7 Bh6 29.Rb1 Qa8
30.Qa6 Bc8  0-1

[Event "Central America-ch"]
[Site "MEX"]
[Date "1997.??.??"]
[Round "?"]
[White "Burgos, Carlos"]
[Black "Juarez Flores, Gustavo E"]
[Result "0-1"]
[WhiteElo "2335"]
[BlackElo "2275"]

1.e4 d6 2.d4 g6 3.Nc3 Bg7 4.Be2 c6 5.Nf3 Bg4 6.Be3 Nd7 7.Qd2 Nb6 8.b3 Nf6
9.O-O O-O 10.a4 Qc7 11.h3 Bxf3 12.Bxf3 Nbd7 13.Rac1 a6 14.Ne2 Rad8 15.c4 c5
16.g3 cxd4 17.Bxd4 Nc5 18.Qc2 Ne6 19.Bb2 Nd7 20.Bxg7 Nxg7 21.Bg2 Qc5 22.Nf4 Nb8
23.Qd2 Nc6 24.Rfd1 a5 25.Qd5 Qa3 26.Qb5 e5 27.Ra1 Qc5 28.Nd3 Qa7 29.b4 axb4
30.Rab1 Ne6 31.a5 Ned4 32.Qb6 Ne2+ 33.Kf1 Qxb6 34.axb6 Nc3 35.Rdc1 Nxb1 36.Rxb1 Ra8
37.f4 f6 38.c5 Ra3 39.Ke2 Nd4+  0-1